Cuentos Chilenos

שמור ב:
מידע ביבליוגרפי
מחבר ראשי: Santa-Cruz Ossa, Blanca (Author)
פורמט: ספר
שפה:ספרדית
יצא לאור: Santiago Zig-Zag 1992
מהדורה:7a. ed
סדרה:Colección infantil Zig-Zag
נושאים:
תגים: הוספת תג
אין תגיות, היה/י הראשונ/ה לתייג את הרשומה!

MARC

LEADER 00000nam a2200000 a 4500
001 UCH7226
003 CL-VaPUC
008 091109e19920000CL |||||||||||||||||spa|d
020 |a 9561206365 
082 0 4 |a Ch863  |b SAN  |2 21 
100 0 |a Santa-Cruz Ossa, Blanca  |e author  |9 543623 
245 1 0 |a Cuentos Chilenos 
250 |a 7a. ed 
300 |a 111 p 
942 |c BK 
945 |d 20091109 00:00:00  |a lazolas 
260 |a Santiago  |b Zig-Zag  |c 1992 
650 0 |a Novelas chilenas   |9 265425 
650 0 |a Literatura chilena   |9 308278 
650 0 |a Ficción   |9 376687 
650 0 |a Lectura  |9 307634 
650 0 |a Educación  |9 258661 
650 0 |a Niños  |9 255605 
651 7 |a CHILE  |2 CL-VaPUC  |9 543624 
583 |a last modification  |c 20091109 00:00:00  |k Rodrigo Vera 
490 0 |a Colección infantil Zig-Zag 
999 |c 337893  |d 337891